| 000 | 00800cam a22002655a 4500 | ||
|---|---|---|---|
| 001 | 016744742 | ||
| 003 | OSt | ||
| 005 | 20201128024044.0 | ||
| 008 | 140625t2015 enka fr 001 0 eng d | ||
| 020 | _a9781292060538 | ||
| 020 | _a1292060530 | ||
| 040 |
_aStDuBDS _beng _cStDuBDS _dUk _dEG-ScBUE |
||
| 082 | 0 | 4 |
_a620.00151 _222 _bMOO |
| 100 | 1 | _aMoore, Holly. | |
| 245 | 1 | 0 |
_aMATLAB for engineers / _cHolly Moore. |
| 250 | _a4rth ed., Global ed. | ||
| 260 |
_aHarlow : _bPearson Education Limited, _cc.2015. |
||
| 300 |
_a670 p. : _bill. ; _c26 cm.. |
||
| 500 | _aIncludes index. | ||
| 630 | 0 | 7 |
_aMATLAB. _9826 |
| 650 | 7 |
_aEngineering mathematics _xData processing. _2BUEsh _923898 |
|
| 650 | 7 |
_aNumerical analysis _xData processing. _2BUEsh _911374 |
|
| 653 |
_bENGGEN _cDecember2016 |
||
| 942 | _2ddc | ||
| 999 |
_c23478 _d23450 |
||